Mithy Maiway / (Record no. 524352)

000 -LEADER
fixed length control field 00467nam a22001697a 4500
003 - CONTROL NUMBER IDENTIFIER
control field NUST
038 ## - RECORD CONTENT LICENSOR
Staff Name waseem
082 ## - DEWEY DECIMAL CLASSIFICATION NUMBER
Classification number 891.421
Author Mark QAS
100 ## - MAIN ENTRY--PERSONAL NAME
Personal name Qasim, Raja Abdul Waheed
9 (RLIN) 15174
245 ## - TITLE STATEMENT
Title Mithy Maiway /
Statement of responsibility, etc. Raja Abdul Waheed Qasim
260 ## - PUBLICATION, DISTRIBUTION, ETC.
Place of publication, distribution, etc. Lahore :
Name of publisher, distributor, etc. Maqsood Publishers,
Date of publication, distribution, etc. 2003.
300 ## - PHYSICAL DESCRIPTION
Extent 128 p. ;
500 ## - GENERAL NOTE
General note Hardcover.
880 ## - ALTERNATE GRAPHIC REPRESENTATION
Linkage 100-01\r
Title راجہ عبدالوحیدقاسم
880 ## - ALTERNATE GRAPHIC REPRESENTATION
Linkage 245-02\r
Title مٹھے میوے /
942 ## - ADDED ENTRY ELEMENTS (KOHA)
Source of classification or shelving scheme
Koha item type Book
Holdings
Withdrawn status Lost status Source of classification or shelving scheme Damaged status Not for loan Permanent Location Current Location Shelving location Date acquired Total Checkouts Full call number Barcode Date last seen Price effective from Koha item type
          Central Library (CL) Central Library (CL) Punjabi Literature 06/20/2019   891.421 QAS CL-E-1538 06/20/2019 06/20/2019 Book
© 2023 Central Library, National University of Sciences and Technology. All Rights Reserved.